| 000 | 00738nam a22001337a 4500 | ||
|---|---|---|---|
| 040 | _cRUA | ||
| 082 | _aAGR SON 2015 B519 Or.1 | ||
| 100 | _aSON POV; សុន ពៅ | ||
| 245 | _aEffect of biochar with bio-slurry on cellery cabbage in farmer field at prahsdach district, preyveng province; ឥទ្ធិពលនៃធ្យូងអង្កាមលាយជាមួយកាកសំណល់ឡជីវឧស្ម័នលើដំណាំស្ពៃចង្កឹះក្នុងលក្ខខណ្ឌស្រែកសិករ ស្រុកព្រះស្តេច ខេត្ដព្រៃវែង | ||
| 260 |
_aPhnom Penh _bRUA _c2015 |
||
| 300 |
_ax; 40p; _bill; _c29cm; |
||
| 856 | _uSON POV | ||
| 942 | _cAGR | ||
| 999 |
_c10762 _d10762 |
||